01091nam a2200313 a 450000100060000000300080000600500170001400800410003102000150007203500330008703500200012003500200014003500200016003500200018004000930020004100080029308200250030124500870032626000300041330000260044350000180046955000750048758000350056265000420059765000330063970000350067271000390070777500310074642998BD-RjUL20211209053629.0160618s1965 enkar 0 1 a0eng  a0420468102 aMITb10622734a(BD-RjUL)43116 a(OCoLC)01457019 a(OCoLC)06082538 a(OCoLC)02253720 a(OCoLC)00203908 aDLCcFULdCOOdYUSdNYGdm.c.dDLCdNSTdOCLdIULdMULdNSTdHULdNSTdRCDdBD-RjULbeng aeng 223a327.05bYEA 196504aThe Year book of world affairs 1984 / cGeorge W. Keeton and Georg Schwarzenberger aLondon : bStevens,c1984 avii, 377 p. ;c26 cm. ainclude index aPublished under the auspices of the London Institute of World Affairs. aIssued also in a U.S. edition. 0aInternational relationsvPeriodicals. 0aWorld politicsvPeriodicals.1 aKeeton, George W.,d1902-1989.2 aLondon Institute of World Affairs.1 tYear book of world affairs